[Event "XV South American-ch Open U20 2019"]
[Site "Asuncion"]
[Date "2019.05.13"]
[Round "4.9"]
[White "Cadilhac, Igor Tokuichi Kikuc"]
[Black "Ayala Ruiz, Miguel Angel"]
[Result "1/2-1/2"]
[WhiteElo "2288"]
[BlackElo "1444"]
[Annotator "TA"]
[PlyCount "118"]
[EventDate "2019.05.11"]
[EventType "swiss"]
[EventCountry "PAR"]
[SourceTitle "playchess.com"]
[Source "ChessBase"]
[SourceQuality "1"]

{[%evp 9,118,181,187,8,18,-31,90,97,97,97,88,93,95,89,95,97,89,63,67,61,59,70,93,83,91,66,194,175,175,175,199,181,199,200,184,128,138,138,142,99,97,51,51,51,51,51,56,56,56,56,56,53,56,56,56,42,56,56,66,40,53,53,53,0,53,53,68,68,68,68,68,68,68,68,68,0,68,68,68,68,68,68,68,0,68,0,68,0,30,0,5,0,0,0,0,0,0,0,0,0,0,0,0,0,0,0,6,0,0,0,0]} 1. e4 Nf6 2. Nc3 e6 3. d4 Bb4 4. e5 Ne4 (4... Nd5 5. Qg4 Kf8 6. a3 Bxc3+ 7. bxc3 c5 8. Bd2 Nc6 9. Nf3 d6 10. Bb5 dxe5 11. dxe5 Qc7 12. Qh5 {0-1 (37) Shirazi,K (2455)-Delchev,A (2591) Metz 2002}) 5. Qg4 Nxc3 6. a3 $2 {A45: Trompowsky Attack} (6. Qxg7 $18 Rf8 7. a3 Na2+ 8. axb4 Nxc1 9. Rxc1) 6... Bf8 $1 $11 {Threatens to win with ...Nd5.} 7. Bg5 Be7 $146 (7... h5 $1 $15 {keeps the upper hand.} 8. Qh4 Be7 9. Bxe7 Qxe7 10. Qxe7+ Kxe7 11. bxc3 b6) ({Predecessor:} 7... f6 8. exf6 h5 9. f7+ Kxf7 10. Qf4+ Qf6 11. Bxf6 gxf6 12. bxc3 d6 13. Bc4 Nd7 14. Nh3 Bh6 15. Qf3 Ke7 16. O-O Nb6 17. Bb3 h4 18. Rfe1 Bd7 19. Bxe6 {1-0 (19) Gal,P (2109)-Hoflinger,I (2036) Hungary 2009}) 8. Bxe7 $16 {[%mdl 64] [#] Discovered Attack. White is better.} Qxe7 9. Qxg7 Qf8 10. Qxf8+ Rxf8 11. bxc3 b6 12. Bd3 Bb7 13. Nf3 Rg8 14. Bxh7 Rxg2 15. Ke2 Rg7 16. Bd3 Ke7 17. h4 Nc6 ({Black should try} 17... d6 $1 $14) 18. h5 $18 Rh8 19. h6 Rg4 20. h7 f5 21. exf6+ $1 Kxf6 22. Rag1 (22. Rad1 $18) 22... Rxg1 $16 23. Rxg1 Ne7 24. Nh4 Nf5 25. Nxf5 exf5 {[%mdl 4096] Endgame KRB-KRB} 26. Rg8 Rxh7 27. Rf8+ Rf7 28. Rxf7+ Kxf7 29. Bxf5 $14 {KB-KB} d6 30. Ke3 Kf6 31. Be4 Bc8 32. Kd3 Be6 33. c4 c5 34. c3 Bd7 35. Ke3 Be6 36. Bd5 (36. Bd3 $14) 36... Bf5 (36... Bxd5 $1 $11 37. cxd5 c4) 37. Kf4 a6 38. Bb7 a5 39. Ke3 Be6 40. Kd3 Bf5+ 41. Kd2 Be6 42. Kd3 Bf5+ $1 43. Be4 Be6 44. Bd5 {[#] And now Bxe6 would win.} Bf5+ 45. Kd2 Bd7 46. Bb7 Be6 $1 47. Bd5 Bd7 48. Kc1 (48. Ke3 $14) 48... Ba4 49. Kb2 Kg5 {The position is equal.} 50. Kc1 Kf4 51. Kd2 Bb3 52. Kd3 Ba4 53. Bb7 Bd7 54. Kc2 Bg4 55. Bd5 Bf5+ 56. Kb3 Bd7 57. Bb7 Kg5 58. d5 Kf4 59. Bc6 Bc8 $1 {Accuracy: White = 36%, Black = 65%.} 1/2-1/2

[Event "XV South American-ch Open U20 2019"]
[Site "Asuncion"]
[Date "2019.05.13"]
[Round "4.10"]
[White "Gomez Barrera, Gonzalo Andres"]
[Black "Menacho Admen, Victor Gabriel"]
[Result "1-0"]
[WhiteElo "2058"]
[BlackElo "1103"]
[Annotator "NA RC"]
[PlyCount "29"]
[EventDate "2019.05.11"]
[EventType "swiss"]
[EventCountry "PAR"]
[SourceTitle "playchess.com"]
[Source "ChessBase"]
[SourceQuality "1"]
[TimeControl "5400+30"]

1. e4 e5 2. Bc4 Nc6 3. Nf3 d6 4. d4 Bg4 5. h3 Bh5 6. d5 Bxf3 7. Qxf3 Nd4 8. Qd3 a6 9. c3 $18 b5 10. cxd4 bxc4 11. Qxc4 g6 12. dxe5 dxe5 13. Qc6+ Ke7 14. Bg5+ f6 15. Qe6# 1-0

[Event "XV South American-ch Open U20 2019"]
[Site "Asuncion"]
[Date "2019.05.13"]
[Round "4.11"]
[White "Melian, Juan Sebastian"]
[Black "Cosme Contreras, Trilce"]
[Result "*"]
[WhiteElo "1786"]
[BlackElo "2051"]
[Annotator "NA RC"]
[PlyCount "23"]
[EventDate "2019.05.11"]
[EventType "swiss"]
[EventCountry "PAR"]
[SourceTitle "playchess.com"]
[Source "ChessBase"]
[SourceQuality "1"]
[TimeControl "5400+30"]

1. d4 Nf6 2. Nf3 g6 3. Bg5 Bg7 4. Nbd2 O-O 5. c3 d6 6. e4 c5 7. dxc5 dxc5 8. Bc4 Nc6 9. Qe2 Qc7 10. O-O Rb8 11. a4 a6 $14 (11... b6 $11) 12. Rfe1 *

[Event "XV South American-ch Open U20 2019"]
[Site "Asuncion"]
[Date "2019.05.13"]
[Round "4.11"]
[White "Melian, Juan Sebastian"]
[Black "Cosme Contreras, Trilce"]
[Result "1-0"]
[WhiteElo "1786"]
[BlackElo "2051"]
[Annotator "NA RC"]
[PlyCount "39"]
[EventDate "2019.05.11"]
[EventType "swiss"]
[EventCountry "PAR"]
[SourceTitle "playchess.com"]
[Source "ChessBase"]
[SourceQuality "1"]
[TimeControl "5400+30"]

1. d4 Nf6 2. Nf3 g6 3. Bg5 Bg7 4. Nbd2 O-O 5. c3 d6 6. e4 c5 7. dxc5 dxc5 8. Bc4 Nc6 9. Qc2 Qc7 10. O-O Rb8 11. a4 a6 12. Rfe1 b5 13. axb5 axb5 14. Bf1 e5 15. Be3 Nd7 16. Nb3 Nd8 17. c4 $11 b4 $1 18. Bd3 h6 19. Nfd2 Ne6 20. f3 1-0

[Event "XV South American-ch Open U20 2019"]
[Site "Asuncion"]
[Date "2019.05.13"]
[Round "4.12"]
[White "Orrego Palermo, Marcelo"]
[Black "Avalos Sanabria, Augusto Alfredo"]
[Result "1-0"]
[WhiteElo "1632"]
[BlackElo "1474"]
[Annotator "NA RC"]
[PlyCount "40"]
[EventDate "2019.05.11"]
[EventType "swiss"]
[EventCountry "PAR"]
[SourceTitle "playchess.com"]
[Source "ChessBase"]
[SourceQuality "1"]
[TimeControl "5400+30"]

1. d4 d5 2. c4 c6 3. cxd5 cxd5 4. Bf4 Nf6 5. Nc3 Bf5 6. e3 e6 7. Qb3 b6 8. Nb5 Na6 9. Qa4 Nb4 10. Nd6+ Ke7 11. Qxb4 Kd7 12. Bb5+ Kc7 13. Rc1+ Kb8 14. Nxf7+ Kb7 15. Nxd8+ Rxd8 16. Bc6+ Kc8 17. Bb5+ Kb7 18. Rc7+ Ka8 19. Bc6+ Kb8 20. Re7+ Kc8 1-0

[Event "XV South American-ch Open U20 2019"]
[Site "Asuncion"]
[Date "2019.05.14"]
[Round "5.1"]
[White "Zambrano Acebo, Jean Junior"]
[Black "Munoz, Francisco Javier"]
[Result "1-0"]
[WhiteElo "2174"]
[BlackElo "2308"]
[Annotator "TA"]
[PlyCount "61"]
[EventDate "2019.05.11"]
[EventType "swiss"]
[EventCountry "PAR"]
[SourceTitle "playchess.com"]
[Source "ChessBase"]
[SourceQuality "1"]

{[%evp 14,61,22,26,44,36,35,4,18,7,8,3,22,36,16,0,62,-9,43,30,143,122,122,129,281,279,393,388,408,387,424,311,290,280,283,265,596,589,555,466,5895,5257,5385,5257,5002,1507,1163,531,476,144]} 1. e4 d5 2. exd5 Qxd5 3. Nc3 Qa5 4. d4 Nf6 5. Nf3 Bf5 6. Ne5 c6 7. Bd3 Bxd3 8. Qxd3 e6 {B01: Scandinavian Defence} 9. O-O Nbd7 10. Nc4 (10. Qg3 Qc7 11. Re1 Nb6 12. Qf3 Bb4 13. Bh6 gxh6 14. Qxf6 Rf8 15. a3 Bxc3 16. bxc3 {½-½ (80) Dominguez Perez,L (2723)-Nakamura,H (2775) Thessaloniki 2013}) 10... Qc7 {The position is equal.} 11. Bg5 b5 $146 ({Predecessor:} 11... Be7 12. Bh4 b5 13. Nd2 O-O 14. Bg3 Qb7 15. Rfe1 Rfd8 16. Rad1 Qb6 {½-½ (25) Weidemann,U-Pink,F DESC email 2001}) 12. Ne5 Bd6 13. f4 $36 {[%mdl 2048] White fights for an advantage.} O-O 14. Rae1 a6 ({Black should play} 14... h6 $11 15. Bh4 Rab8) 15. Qg3 ({Better is} 15. Rf3 $14) 15... g6 (15... Rfe8 $11) 16. Qh4 c5 (16... b4 $1 $11 {remains equal.}) 17. Nxd7 (17. Bxf6 Nxf6 18. d5 (18. Qxf6 Be7 $15) 18... Bxe5 $11) 17... Nxd7 {[#]} 18. d5 $1 b4 $2 {[#]} (18... Rfe8 $16) 19. Ne4 $1 $18 ({Weaker is} 19. dxe6 fxe6 20. Ne4 Qc6 $16) 19... Rfe8 ({Don't play} 19... exd5 $6 20. Nxd6 Qxd6 21. Be7 $16) (19... c4 $142 20. Kh1 exd5 21. Nxd6 Qxd6) 20. dxe6 Rxe6 21. f5 gxf5 22. Nf6+ Nxf6 23. Bxf6 Bxh2+ 24. Kh1 {Strongly threatening Qg5+.} Rxf6 $2 (24... Qg3 {is tougher.}) 25. Qxf6 {White is clearly winning.} Qd6 26. Qxf5 Bg3 (26... Kh8 $142 27. Qxf7 Be5) 27. Qxf7+ Kh8 28. Re8+ Rxe8 29. Qxe8+ Kg7 30. Qf7+ (30. Rf7+ $142 Kh6 31. Rd7) 30... Kh8 {( -> ...Qh6+)} 31. Qf8+ {Accuracy: White = 64%, Black = 18%.} ({Not} 31. Qe8+ Kg7) 1-0

[Event "XV South American-ch Open U20 2019"]
[Site "Asuncion"]
[Date "2019.05.14"]
[Round "5.2"]
[White "Zapata Charles, Santiago"]
[Black "Heinechen, Juan"]
[Result "1-0"]
[WhiteElo "2322"]
[BlackElo "2123"]
[Annotator "NA"]
[PlyCount "47"]
[EventDate "2019.05.11"]
[EventType "swiss"]
[EventCountry "PAR"]
[SourceTitle "playchess.com"]
[Source "ChessBase"]
[SourceQuality "1"]
[TimeControl "5400+30"]

{[%evp 9,44,10,32767,32767,32767,22,32767,16,22,19,19,32767,32767,0,32767,32767,32767,32767,34,40,64,70,59,32767,93,32767,32767,32767,32767,32767,351,337,32767,32767,856,914,801]} 1. e4 {[%emt 0:01:30]} e5 {[%emt 0:00:30]} 2. Bc4 {[%emt 0:00:30]} Nf6 {[%emt 0:00:30]} 3. d3 {[%emt 0:00:30]} Bc5 {[%emt 0:00:00]} 4. Nf3 {[%emt 0:00:00]} Nc6 {[%emt 0:00:00]} 5. O-O {[%emt 0:00:00]} O-O {[%emt 0:00:30]} 6. Nbd2 {[%emt 0:02:30]} a6 {[%emt 0:02:30]} 7. Bb3 {[%emt 0:02:30]} d6 {[%emt 0:01:30]} 8. c3 {[%emt 0:00:30]} Ba7 {[%emt 0:01:30]} 9. h3 {[%emt 0:00:30]} (9. Re1) 9... h6 {[%emt 0:00:30]} 10. Re1 {[%emt 0:00:30]} Be6 {[%emt 0:00:30]} 11. Bc2 {[%emt 0:00:30]} Ne7 {[%emt 0:16:30]} 12. Nf1 {[%emt 0:01:30]} Ng6 {[%emt 0:01:30]} 13. d4 {[%emt 0:01:30]} c6 {[%emt 0:10:30]} 14. Ng3 {[%emt 0:00:30]} Qc7 {[%emt 0:02:30]} 15. Be3 {[%emt 0:00:30]} Rfe8 16. Qc1 b5 17. Nf5 Bxf5 18. exf5 Nf8 19. Bxh6 gxh6 $2 (19... N8h7 $16) 20. Qxh6 N8h7 21. Ng5 exd4 $2 (21... d5 22. Nxh7 Nxh7) 22. Nxh7 $18 Nxh7 23. f6 Nxf6 24. Qg5+ 1-0

[Event "XV South American-ch Open U20 2019"]
[Site "Asuncion"]
[Date "2019.05.14"]
[Round "5.3"]
[White "Cantero, Rodolfo"]
[Black "Vazquez, Facundo"]
[Result "1-0"]
[WhiteElo "2059"]
[BlackElo "2086"]
[Annotator "NA RC"]
[PlyCount "87"]
[EventDate "2019.05.11"]
[EventType "swiss"]
[EventCountry "PAR"]
[SourceTitle "playchess.com"]
[Source "ChessBase"]
[SourceQuality "1"]
[TimeControl "5400+30"]

1. g3 {[%emt 0:00:30]} Nf6 {[%emt 0:00:30]} 2. Bg2 {[%emt 0:00:00]} g6 {[%emt 0:00:00]} 3. c4 {[%emt 0:00:00]} Bg7 {[%emt 0:00:00]} 4. Nc3 {[%emt 0:00:30]} O-O {[%emt 0:00:30]} 5. d3 {[%emt 0:00:00]} e5 {[%emt 0:00:30]} 6. e4 {[%emt 0:00:00]} d6 {[%emt 0:00:30]} 7. Nge2 {[%emt 0:00:00]} Nc6 {[%emt 0:00:30]} 8. O-O {[%emt 0:00:00]} Nd7 {[%emt 0:01:30]} 9. f4 {[%emt 0:01:30]} exf4 {[%emt 0:02:30]} 10. Bxf4 {[%emt 0:00:30]} Nce5 {[%emt 0:03:30]} 11. b3 {[%emt 0:00:30]} g5 {[%emt 0:02:30]} (11... c5 $14) 12. Bc1 {[%emt 0:02:30]} h6 {[%emt 0:04:30]} 13. d4 {[%emt 0:00:30]} Ng6 {[%emt 0:01:30]} 14. Bb2 {[%emt 0:01:30]} Re8 {[%emt 0:03:30]} 15. Qd2 {[%emt 0:01:30]} c6 {[%emt 0:03:30]} 16. Rf2 {[%emt 0:00:30]} Nf6 {[%emt 0:10:30]} 17. Raf1 {[%emt 0:52:30]} Nh8 {[%emt 0:42:30]} {Better is} 18. h3 $18 {[%emt 0:02:30]} (18. Qd3) 18... Rb8 {[%emt 0:01:09]} 19. Qd3 $16 {[%emt 0:00:30]} a6 {[%emt 0:00:34]} 20. a4 {[%emt 0:00:30]} b5 {[%emt 0:00:46]} 21. axb5 {[%emt 0:00:30]} axb5 {[%emt 0:00:55]} 22. cxb5 {[%emt 0:00:30]} cxb5 {[%emt 0:00:33]} 23. b4 {[%emt 0:00:30]} Bb7 {[%emt 0:00:37]} 24. d5 {[%emt 0:00:30]} Nd7 {[%emt 0:00:06]} 25. Nd4 {[%emt 0:00:30]} Bxd4 {[%emt 0:00:30]} 26. Qxd4 {[%emt 0:00:30]} Ne5 {[%emt 0:00:30]} 27. Nd1 {[%emt 0:00:30]} Bc8 {[%emt 0:00:30]} 28. Kh2 {[%emt 0:01:30]} Rb7 {[%emt 0:00:30]} 29. Ne3 {[%emt 0:00:30]} Nhg6 {[%emt 0:00:30]} 30. Nf5 {[%emt 0:00:30]} Bxf5 {[%emt 0:00:30]} 31. exf5 {[%emt 0:00:30]} Nf8 {[%emt 0:00:30]} 32. f6 {[%emt 0:00:30]} Nc4 {[%emt 0:00:30]} 33. Bc1 {[%emt 0:00:30]} Re5 {[%emt 0:00:30]} 34. Rf5 {[%emt 0:00:30]} Ng6 {[%emt 0:00:30]} 35. Qg4 {[%emt 0:00:30]} Qf8 {[%emt 0:00:40]} 36. h4 {[%emt 0:00:30]} gxh4 {[%emt 0:00:33]} 37. gxh4 {[%emt 0:00:30]} Kh8 {[%emt 0:00:36]} 38. h5 {[%emt 0:00:30]} Rxf5 {[%emt 0:00:31]} 39. Qxf5 {[%emt 0:00:30]} Nh4 {[%emt 0:00:24]} 40. Qg4 {[%emt 0:00:30]} Nxg2 {[%emt 0:00:30]} 41. Qxg2 {[%emt 0:00:30]} Ne5 {[%emt 0:00:30]} 42. Rg1 {[%emt 0:00:30]} Rc7 {[%emt 0:00:30]} 43. Bxh6 {[%emt 0:00:30]} Nf3+ {[%emt 0:00:25]} 44. Kh1 {[%emt 0:00:30]} 1-0

[Event "XV South American-ch Open U20 2019"]
[Site "Asuncion"]
[Date "2019.05.14"]
[Round "5.4"]
[White "Estrada Lavin, Cristian Alexand"]
[Black "Donoso Diaz, Sebastian"]
[Result "1/2-1/2"]
[WhiteElo "2116"]
[BlackElo "2251"]
[Annotator "TA"]
[PlyCount "63"]
[EventDate "2019.05.11"]
[EventType "swiss"]
[EventCountry "PAR"]
[SourceTitle "playchess.com"]
[Source "ChessBase"]
[SourceQuality "1"]

{[%evp 9,63,7,7,7,7,7,7,7,9,14,13,13,12,8,6,0,11,-18,16,0,-4,-68,-26,-33,-41,-33,-11,-10,-6,-12,90,90,86,98,117,112,146,23,12,16,56,44,40,45,41,22,20,0,0,0,51,51,75,75,75,81]} 1. Nf3 d5 2. b3 c5 3. Bb2 Bg4 4. g3 Bxf3 $146 ({Predecessor:} 4... f6 5. Bg2 e5 6. O-O Nc6 7. d3 Bd6 8. Nbd2 Nge7 9. c4 d4 10. e3 O-O 11. exd4 cxd4 {0-1 (35) Georgiadis,N (2465)-Navara,D (2727) Wroclaw 2014}) 5. exf3 Nf6 6. Bg2 {A06: Réti Opening:1 Nf3 d5} Nc6 7. f4 e6 8. O-O {The position is equal.} Be7 9. d3 O-O 10. Nd2 Nd7 11. Nf3 Bf6 12. Bxf6 Qxf6 13. Re1 a5 14. Qe2 a4 15. Ne5 (15. bxa4 $11 Rxa4 16. c4) 15... Nd4 16. Qd2 Nxe5 17. fxe5 Qf5 18. c3 Nc6 19. f4 f6 (19... h5 $11) 20. exf6 $16 Qxf6 21. bxa4 Rf7 22. Qe3 Qxc3 {[#]} 23. Rac1 ({White should try} 23. f5 $1 $16) 23... Qd4 $11 24. Rxc5 Rxa4 25. Qxd4 Nxd4 {[#]} 26. Rxd5 $1 {[%mdl 512] Black must now prevent Re4.} Rc7 (26... exd5 27. Re8+) 27. Rd8+ Kf7 28. Rb1 b5 29. Rb2 Rc1+ (29... Rca7 $11) 30. Kf2 $14 Rc2+ 31. Rxc2 Nxc2 32. Ra8 {Accuracy: White = 58%, Black = 54%.} 1/2-1/2

[Event "XV South American-ch Open U20 2019"]
[Site "Asuncion"]
[Date "2019.05.14"]
[Round "5.5"]
[White "Benitez Galeano, Alejandro"]
[Black "Gimenez Aguirre, Alejo Ismael"]
[Result "1-0"]
[WhiteElo "2052"]
[BlackElo "2247"]
[Annotator "TA"]
[PlyCount "95"]
[EventDate "2019.05.11"]
[EventType "swiss"]
[EventCountry "PAR"]
[SourceTitle "playchess.com"]
[Source "ChessBase"]
[SourceQuality "1"]

{[%evp 9,95,20,31,18,14,17,11,-8,80,85,66,22,62,17,94,99,83,91,103,41,64,50,122,122,172,152,179,166,197,201,186,191,249,244,244,242,254,107,266,258,247,239,277,281,295,272,375,357,422,417,500,492,630,276,273,270,276,283,268,286,343,289,373,381,385,372,456,405,416,414,596,584,570,551,551,454,691,684,766,754,949,929,1176,1139,1015,883,1109,1079]} 1. Nf3 c5 2. c4 Nc6 3. Nc3 e5 4. e3 Nf6 5. d4 e4 6. Nd2 {A34: Symmetrical English: 2 Nc3, lines with ...d5} (6. d5 exf3 7. dxc6 fxg2 8. cxd7+ Bxd7 9. Bxg2 g6 10. b3 Bg7 11. Qd6 Qb6 12. Qe5+ Kf8 13. Bb2 {½-½ (36) Dominguez Perez,L (2739)-Vachier Lagrave,M (2779) Saint Louis 2018}) 6... cxd4 7. exd4 Bb4 8. d5 {The position is equal.} Nb8 $146 (8... Bxc3 $11 9. bxc3 Ne5) ({Predecessor:} 8... Ne5 9. Qb3 Qe7 10. Nd1 Bc5 11. Ne3 d6 12. Be2 O-O 13. O-O {0-1 (27) Christiansen,J (2399)-Johansson,L (2425) Vaxjo 2016}) 9. Qc2 $16 O-O 10. Nb3 (10. Ndxe4 $2 Nxe4 11. Bd3 Bxc3+ 12. bxc3 Nf6 $19) 10... b5 11. a3 bxc4 (11... Bxc3+ $1 $11 {remains equal.} 12. Qxc3 (12. bxc3 bxc4 13. Bxc4 Qc7 $15) 12... bxc4 13. Bxc4 Ba6) 12. axb4 cxb3 13. Qxb3 d6 14. Be3 (14. Be2 $16) 14... Qe7 15. h3 $36 {[%mdl 2048] White is more active.} Ne8 (15... Nfd7 $14) 16. Qc4 Nf6 17. Be2 Bb7 18. Ra5 (18. Rxa7 $6 Rxa7 19. Bxa7 Nxd5 $16) 18... Rc8 19. Qd4 Nbd7 20. O-O h6 (20... Ne5 $142 21. Rfa1 (21. Rxa7 Rxa7 22. Qxa7 Ra8 $16) (21. Nxe4 Rc2 $18) 21... a6 22. Nxe4 Nxe4) 21. Rfa1 $18 (21. Rxa7 $6 Rxa7 22. Qxa7 Bxd5) 21... Nb6 22. R1a3 $1 (22. Rxa7 Nbxd5 23. Rxa8 Rxa8 $16) 22... Rc7 23. Nb5 (23. Rxa7 $18 {and White stays clearly on top.} Rxa7 24. Rxa7 Nfxd5 25. Nxd5 (25. Nxe4 Nxe3 26. Rxb7 Rxb7 $17) 25... Nxd5 26. Rxb7 $1 {[%mdl 576] Remove Defender} Rxb7 27. Qxd5 Rxb4 28. Bd4) 23... Rc2 $2 (23... Rd7 $16 {is a better defense.}) 24. Qd1 ({Worse is} 24. Rxa7 Rxe2 25. Kf1 {[#]} Rxe3 $1 $17 {[%mdl 512]}) 24... Rxe2 25. Qxe2 {Strongly threatening Bxb6.} Nbxd5 26. Rxa7 Rb8 27. Nc3 Nxe3 28. Qxe3 ({Don't do} 28. fxe3 Qf8 $18) 28... Qe5 29. Qb6 Nd7 30. Qb5 e3 {intending ...exf2+.} 31. Qxe5 (31. Rxb7 $142 exf2+ 32. Kxf2 Qd4+ 33. Kf1 Qf4+ 34. Ke2 Re8+ 35. Kd3 Re3+ 36. Kc2) 31... exf2+ 32. Kxf2 Nxe5 33. Kg3 Nc4 34. Ra2 d5 35. b3 Ne3 36. Ne2 Nf5+ 37. Kf4 Bc8 38. R2a4 Rb6 39. Ra8 Ne7 (39... g5+ {keeps fighting.} 40. Ke5 Ne7) 40. Nd4 {White is clearly winning.} g5+ 41. Ke3 Kg7 42. b5 Kf6 (42... Nf5+ $142 43. Nxf5+ Bxf5) 43. R4a7 Be6 44. Ra6 Rb7 45. R8a7 Nf5+ 46. Nxf5 {[%mdl 64] Pin} Rxb5 47. Nd4 Rc5 48. Rc6 {Accuracy: White = 54%, Black = 24%.} 1-0

[Event "XV South American-ch Open U20 2019"]
[Site "Asuncion"]
[Date "2019.05.14"]
[Round "5.6"]
[White "Coro, Lucas"]
[Black "Melian, Juan Sebastian"]
[Result "1-0"]
[WhiteElo "2315"]
[BlackElo "1786"]
[Annotator "TA"]
[PlyCount "73"]
[EventDate "2019.05.11"]
[EventType "swiss"]
[EventCountry "PAR"]
[SourceTitle "playchess.com"]
[Source "ChessBase"]
[SourceQuality "1"]

{[%evp 18,72,52,23,68,72,75,73,92,92,162,163,155,152,170,170,239,135,138,137,256,283,385,326,914,893,878,851,1088,1093,1058,1013,890,660,1007,982,991,946,1217,1189,1157,1121,29986,29987,29987,29988,29988,29989,29994,29995,29995,29996,29996,29997,29998,29999,29999]} 1. e4 c5 2. Nf3 e6 3. d4 cxd4 4. Nxd4 Nc6 5. Nc3 Qc7 6. f4 d6 7. Be3 Nf6 8. Bd3 a6 9. Qf3 Be7 10. O-O h5 {B80: Sicilian Scheveningen: 6 g3 and 6 Be3, including English Attack} (10... O-O 11. Rae1 Nb4 12. Rc1 Bd7 13. a3 Nxd3 14. cxd3 Qb8 15. g4 h6 16. h4 Nh7 17. g5 hxg5 18. hxg5 Rc8 19. Kg2 {1-0 (31) Sanal,V (2490)-Laznicka,V (2675) Skopje 2018}) 11. Nxc6 Qxc6 $146 ({Predecessor:} 11... bxc6 12. e5 Nd5 13. Nxd5 cxd5 14. Bd4 Kf8 15. Qg3 dxe5 16. fxe5 Bc5 17. c3 Bd7 18. Qg6 Bxd4+ 19. cxd4 Bc8 20. Rf3 Rh6 21. Qg5 Qe7 22. Rxf7+ Qxf7 23. Qd8+ {1-0 (23) Lekic,L (2054)-Radosevic,N (1463) Cetinje 2013}) 12. a4 {[%cal Ba2a4,Ba4a5][%mdl 32] Threatens to win with Bb5!} O-O {White is better.} 13. a5 d5 (13... Bd8 $16 {was worth a try.}) 14. e5 $18 Ng4 15. Bd4 Bc5 16. Ne2 $1 g6 {[#]} (16... Bd7 $142 17. h3 Nh6 18. Qxh5 Nf5) 17. c3 (17. h3 $1 $18 {[%cal Rh3g4]} Nh6 18. g4) 17... Nh6 $16 18. h3 Nf5 {[#]} (18... h4 $16 19. Bf2 Qc7) 19. g4 $1 $18 {[%cal Rg4f5]} hxg4 20. hxg4 Ng7 $2 (20... Nxd4 21. cxd4 (21. Nxd4 Qc7 $16) 21... Be7) 21. Kg2 Bxd4 22. Nxd4 Qe8 23. Qh3 f5 24. Rh1 Kf7 25. Nf3 Bd7 26. Qh7 Rg8 27. Rh6 Bb5 28. Ng5+ Ke7 29. Rxg6 Bxd3 30. Rxg7+ {White mates.} Rxg7 31. Qxg7+ Kd8 32. Rh1 Qd7 {[#]} 33. Nxe6+ $1 {[%mdl 512]} Qxe6 34. Rh8+ Qe8 35. Qf6+ {[%mdl 64] Double Attack} Kd7 36. Qd6+ {[%mdl 64] Double Attack} Kc8 37. Rxe8# {Accuracy: White = 96%, Black = 19%.} 1-0

[Event "XV South American-ch Open U20 2019"]
[Site "Asuncion"]
[Date "2019.05.14"]
[Round "5.7"]
[White "Aguilar, Luis Miguel"]
[Black "Gomez Barrera, Gonzalo Andres"]
[Result "1-0"]
[WhiteElo "2193"]
[BlackElo "2058"]
[Annotator "TA"]
[PlyCount "84"]
[EventDate "2019.05.11"]
[EventType "swiss"]
[EventCountry "PAR"]
[SourceTitle "playchess.com"]
[Source "ChessBase"]
[SourceQuality "1"]

{[%evp 11,84,21,23,8,37,52,43,37,47,58,62,51,28,50,95,72,99,93,90,92,103,97,123,128,159,155,171,139,139,139,140,154,146,145,175,172,171,128,127,127,127,127,201,124,120,125,182,147,210,128,257,257,257,249,257,253,250,246,274,295,278,282,272,258,252,257,259,249,257,264,262,259,309,316,306]} 1. g3 Nf6 2. Bg2 d5 3. c4 c6 4. cxd5 cxd5 5. Nf3 Bg4 6. Ne5 Bf5 7. Qa4+ {A11: English Opening: 1...c6} Nbd7 {[#] White must now prevent ...Qc7.} 8. Nc3 e6 9. g4 {White is slightly better.} Bc2 10. Nxf7 Bxa4 11. Nxd8 Rxd8 12. Nxa4 Bd6 $146 ({Predecessor:} 12... Nxg4 13. Bh3 Ndf6 14. f3 Ne5 15. Bxe6 {½-½ (39) Grischuk,A (2785)-Gunina,V (2506) Moscow 2013}) 13. h3 O-O 14. Nc3 {[%cal Ba4c3,Bc3b1,Bb1d2][%mdl 32]} a6 15. d3 d4 16. Nb1 Rc8 17. Nd2 b5 18. Nb3 e5 19. a4 bxa4 20. Rxa4 Nc5 21. Nxc5 Rxc5 22. Bd2 Rc2 23. Rxa6 Rxb2 {[#] Hoping for ...Rb1+.} 24. Rxd6 Rb1+ 25. Bc1 Rxc1+ 26. Kd2 Rc3 (26... Rxh1 $16 27. Bxh1 Rb8) 27. Rc1 Rxc1 28. Kxc1 $16 {[%mdl 4096] Endgame KRB-KRN} Re8 (28... h6 $16 29. Rc6 Re8) 29. Kd2 Rb8 (29... h6 $16 30. Ra6 Kf7 31. Ra7+ Re7) 30. Bf3 {aiming for g5.} Rb2+ (30... h6 $16 {is a better defense.} 31. h4 Kf8) 31. Kc1 $18 Rb5 32. g5 Ne8 33. Rd8 Rc5+ 34. Kd2 Kf7 35. Bh5+ g6 36. Rd7+ Kg8 37. Bf3 Rc7 38. Rd5 Re7 39. Rd8 Kg7 40. Bd5 {White has a decisive advantage.} h6 41. h4 hxg5 42. hxg5 Nc7 {Accuracy: White = 81%, Black = 44%.} 1-0